Caring for the forest (Record no. 78034)

MARC details
000 -LEADER
fixed length control field 00769nam a2200181 a 4500
008 - FIXED-LENGTH DATA ELEMENTS--GENERAL INFORMATION
fixed length control field 120416s1996 ||||||||||||||||| || u
050 ## - LIBRARY OF CONGRESS CALL NUMBER
Classification number SD 411 Car
100 ## - MAIN ENTRY--PERSONAL NAME
Personal name Korilahti, Eeva
245 10 - TITLE STATEMENT
Title Caring for the forest
246 ## -
-- research in a changing world
246 ## -
-- Congress Report, Volume 1.
260 ## - PUBLICATION, DISTRIBUTION, ETC.
Place of publication, distribution, etc. Finland
Name of publisher, distributor, etc. The Finnish IUFRO World Congress Organis
Date of publication, distribution, etc. 1996
350 ## -
-- 0.00
700 ## - ADDED ENTRY--PERSONAL NAME
Personal name Salonen, Tommi
700 ## - ADDED ENTRY--PERSONAL NAME
Personal name Mikkela, Heli
995 ## -
-- ANNEX COLLECTION (Main Library)
-- 0.00
-- 731645
-- CBU-MAIN LIBRARY (Kitwe)
-- 2
-- 27.00
-- SD 411 Car
-- 1
-- AVAILABLE
-- 028791
-- Annex Low-Usage Collection
995 ## -
-- ANNEX COLLECTION (Main Library)
-- 0.00
-- 731487
-- CBU-MAIN LIBRARY (Kitwe)
-- 1
-- 27.00
-- SD 411 Car
-- 1
-- AVAILABLE
-- 028708
-- Annex Low-Usage Collection
999 ## -
-- 78034
-- 78034
Holdings
Withdrawn status Lost status Source of classification or shelving scheme Damaged status Not for loan Permanent Location Current Location Shelving location Date acquired Total Checkouts Full call number Barcode Date last seen Copy number Price effective from Koha item type
          CBU-MAIN LIBRARY, KITWE. CBU-MAIN LIBRARY, KITWE.   05/03/2023   SD 411 Car 028791 05/03/2023 1 05/03/2023 MONOGRAPH
          CBU-MAIN LIBRARY, KITWE. CBU-MAIN LIBRARY, KITWE.   05/03/2023   SD 411 Car 028708 05/03/2023 2 05/03/2023 MONOGRAPH